| 000 | 00000nam##2200000za#4500 |
| 001 | 9.644048 |
| 003 | CaOODSP |
| 005 | 20260106135606 |
| 007 | cr ||||||||||| |
| 008 | 150407|2015||||xxc|||||o f|0| 0 fre|d |
| 020 | |a978-0-660-23053-5 |
| 040 | |aCaOODSP|bfre |
| 043 | |an-cn--- |
| 086 | 1 |aM154-82/2015F-PDF |
| 110 | 2 |aCentre de la technologie de l'eĢnergie de CANMET (Canada) |
| 245 | 10|aCapter la valeur de l'énergie thermique : |h[ressource électronique]|binnovations dans le domaine de la technologie des éjecteurs à CanmetÉNERGIE |
| 260 | |aOttawa - Ontario : |bRessources naturelles Canada. |c[2015]. |
| 300 | |a2p.|bill., tableau |
| 590 | |a15-05|b2015-01-30 |
| 691 | 07|aÉnergie alternative|2gcpds |
| 691 | 07|aTechnologie énergétique|2gcpds |
| 775 | 08|tCapturing the value of thermal energy : |w(CaOODSP)9.700148 |
| 856 | 40|ahttp://publications.gc.ca|qPDF|s552 Ko|uhttps://publications.gc.ca/collections/collection_2015/rncan-nrcan/M154-82-2015-fra.pdf |